| 000 | 00507 a2200169 4500 | ||
|---|---|---|---|
| 001 | 066616 | ||
| 003 | OSt | ||
| 005 | 20211004153233.0 | ||
| 008 | |||
| 082 |
_a004.1 _bH52Q |
||
| 100 | 1 | _aHirvensalo, Mika | |
| 245 | 1 |
_aQuantum computing _cby Mika Hirvensalo |
|
| 260 |
_aNew York _bSpringer _c2001 |
||
| 300 | _a190p. | ||
| 690 | _aQuantum computers; Quantum computing; Quantum theory; Computer science; Computer science--Mathematics; Computer software | ||
| 942 |
_2ddc _cBK |
||
| 999 |
_c656 _d656 |
||